Score 0/10 Timer 05:00
3 Plays Today
Question Answer % Correct
What tool does Barney not know how to use? Screwdriver
67.1%
What does Lily ask Robin when she knows Robin is lying about getting over Don?Where's the poop, Robin?
54%
What did Barney knock down in the Museum of National History when he was a child?The Blue Whale
49.9%
What does Ted want to name his future kids?Luke and Leia
46.9%
What movie do Marshall and Lily traditionally watch on Valentine's Day?Predator
45.2%
What does Zoey request to be made a national landmark?The Arcadian
45%
What Christmas movie does the gang plan to see before Ted destroys the gingerbread house?It's a Wonderful Life
42.7%
What is Ted's 'weird-reaction-drink' that, upon drinking, makes him inclined to beatbox?Bourbon
31.6%
What is the name of James' father?Sam Gibbs
22.3%
What is Zoey's step-daughter's name?Hannah
22.1%
Remove Ads.
Support Sporcle.
Get the best of Sporcle when you Go Orange. This ad-free experience offers more features, more stats, and more fun while also helping to support Sporcle. Thank you for becoming a member.

You're not logged in!

Compare scores with friends on all Sporcle quizzes.
OR
Log In

Show Comments

Extras

Top Quizzes Today


Score Distribution

Your Account Isn't Verified!

In order to create a playlist on Sporcle, you need to verify the email address you used during registration. Go to your Sporcle Settings to finish the process.

Report this User

Report this user for behavior that violates our Community Guidelines.

Details: